Aspectos jurídicos de la administración financiera en México (Record no. 132242)
[ view plain ]
| 000 -LEADER | |
|---|---|
| fixed length control field | 00810cam a2200229 4500 |
| 005 - DATE AND TIME OF LATEST TRANSACTION | |
| control field | 20230531103303.0 |
| 008 - FIXED-LENGTH DATA ELEMENTS--GENERAL INFORMATION | |
| fixed length control field | t19921992 spa |
| 020 ## - INTERNATIONAL STANDARD BOOK NUMBER | |
| International Standard Book Number | 9683624243 |
| 050 04 - LIBRARY OF CONGRESS CALL NUMBER | |
| Classification number | JF1355 |
| Item number | O86 1992 |
| 100 1# - MAIN ENTRY--PERSONAL NAME | |
| Personal name | Osornio Corres, Francisco Javier |
| 245 10 - TITLE STATEMENT | |
| Title | Aspectos jurídicos de la administración financiera en México |
| Statement of responsibility, etc | / Francisco Javier Osornio Corres. |
| 250 ## - EDITION STATEMENT | |
| Edition statement | 1a ed. |
| 260 ## - PUBLICATION, DISTRIBUTION, ETC. (IMPRINT) | |
| Place of publication, distribution, etc | México : |
| Name of publisher, distributor, etc | Universidad Nacional Autónoma de México, |
| Date of publication, distribution, etc | 1992 |
| 300 ## - PHYSICAL DESCRIPTION | |
| Extent | 284 p. ; |
| Dimensions | 23 cm. |
| 440 #0 - SERIES STATEMENT/ADDED ENTRY--TITLE | |
| Title | Serie G: Estudios Doctrinales; |
| Volume number/sequential designation | núm. 135 |
| 490 0# - SERIES STATEMENT | |
| Series statement | Serie G: Estudios Doctrinales ; |
| Volume number/sequential designation | no. 135 |
| 610 14 - SUBJECT ADDED ENTRY--CORPORATE NAME | |
| Corporate name or jurisdiction name as entry element | Banco de México |
| 650 #7 - SUBJECT ADDED ENTRY--TOPICAL TERM | |
| Source of heading or term | lemb |
| Topical term or geographic name as entry element | Administración pública |
| Geographic subdivision | México |
| 650 #7 - SUBJECT ADDED ENTRY--TOPICAL TERM | |
| Source of heading or term | lemb |
| Topical term or geographic name as entry element | Bancos |
| Geographic subdivision | México |
| 650 #7 - SUBJECT ADDED ENTRY--TOPICAL TERM | |
| Topical term or geographic name as entry element | Funcionarios públicos |
| 942 ## - ADDED ENTRY ELEMENTS (KOHA) | |
| Source of classification or shelving scheme | Biblioteca del Cogreso de los Estados Unidos |
| Koha item type | Libro |
| Estado de pérdida | Fuente de clasificación | Estado del daño | No para préstamo | Ubicación permanente | Ubicación actual | Apartado o colección | Fecha de adquisición | Edición | Área del conocimiento | Total Checkouts | Clasificación | Código de Barras | Date last seen | Número de copia | Costo por reposición | Tipo de recurso |
|---|---|---|---|---|---|---|---|---|---|---|---|---|---|---|---|---|
| Biblioteca del Cogreso de los Estados Unidos | Biblioteca de la Facultad de Derecho y Ciencias Sociales "Felipe J. Tena" | Biblioteca de la Facultad de Derecho y Ciencias Sociales "Felipe J. Tena" | General | 31/05/2023 | 1a ed. | Ciencias Sociales y Administrativas | JF1355 O86 1992 | BFD000015005 | 31/05/2023 | 1 | 1.00 | Libro |